An alphabetical index of the streets (Record no. 113679)

MARC details
000 -LEADER
fixed length control field 01109cam a22001935a 4500
001 - CONTROL NUMBER
control field L155582
008 - FIXED-LENGTH DATA ELEMENTS--GENERAL INFORMATION
fixed length control field 120329s1747 xxk f 000 0 eng d
035 ## - SYSTEM CONTROL NUMBER
System control number (Sirsi) u155582
041 0# - LANGUAGE CODE
Language code of text/sound track or separate title eng
245 03 - TITLE STATEMENT
Title An alphabetical index of the streets
Remainder of title squares, lanes, alleys, &c. contained in the plan of the cities of London and Westminster, and borough of Southwark, With the contiguous Buildings; engraved by John Pine Bluemantle Pursuivant at arms, and Chief Engraver of Seals, &c. to His Majesty; from an actual survey made by John Roque [sic]; And printed on Twenty-Four Sheets of Imperial Paper; With References for the easy finding the said Places
260 ## - PUBLICATION, DISTRIBUTION, ETC.
Place of publication, distribution, etc. London
Name of publisher, distributor, etc. printed for John Pine, at the Golden Head opposite Burlington House in Piccadilly ; and John Tinney, at the Golden Lyon in Fleet-Street
Date of publication, distribution, etc. MDCCXLVII. [1747]
300 ## - PHYSICAL DESCRIPTION
Extent xi, [1], 46, [2] p.
Other physical details ill.
Dimensions 4o
583 ## - ACTION NOTE
Action Condition reviewed
Time/date of action 20120620
Status condition level 4
583 ## - ACTION NOTE
Action Sent for conservation
Time/date of action 20130129
Action agent Elizabeth Neville
651 #4 - SUBJECT ADDED ENTRY--GEOGRAPHIC NAME
Geographic name London
690 ## - LOCAL SUBJECT ADDED ENTRY--TOPICAL TERM (OCLC, RLIN)
Topical term or geographic name as entry element Measurement
9 (RLIN) 6256
700 1# - ADDED ENTRY--PERSONAL NAME
Personal name Rocque, John
Dates associated with a name d. 1762
942 ## - ADDED ENTRY ELEMENTS (KOHA)
Suppress in OPAC 0
Holdings
Withdrawn status Lost status Source of classification or shelving scheme Damaged status Not for loan Home library Current library Shelving location Date acquired Total Checkouts Full call number Barcode Date last seen Copy number Price effective from Koha item type
    Dewey Decimal Classification     Historic collection Historic collection Historic collection 29/03/2012   QUARTO 1747 ROCQUE 30075880 06/08/2019 1 06/08/2019 Book